Statistics for Biggest Spanish Empire Countries

Click here to take the quiz!

General Stats

  • This quiz has been taken 25,217 times
  • The average score is 12 of 14

Answer Stats

% km2 Country % Correct
1002,000,000Mexico
98%
501,400,000Argentina
96%
1001,110,000Colombia
93%
70530,000Chile
92%
1001,300,000Peru
92%
504,800,000United States
92%
100920,000Venezuela
90%
1001,100,000Bolivia
86%
100176,000Uruguay
84%
100406,000Paraguay
84%
100277,000Ecuador
80%
100506,000Spain
78%
100300,000Philippines
63%
37266,000Morocco (Western Sahara)
58%

Score Distribution

Percentile by Number Answered

Percent of People with Each Score

Your Score History

You have not taken this quiz